| 000 | 00323nam a2200121Ia 4500 | ||
|---|---|---|---|
| 008 | 210430s9999 xx 000 0 und d | ||
| 082 | _a342C5451 C | ||
| 100 |
_aG.W.Choudhury _91192 |
||
| 245 |
_aConstitutional Develpment in Pakistan _cG.W.Choudhury |
||
| 260 |
_aKrachi _bRoyal _c2007 |
||
| 300 | _a272p | ||
| 942 |
_cBK _2ddc |
||
| 999 |
_c562841 _d562841 |
||